Актуальные вопросы государства и права в период совершенствования социализма: сборник научных трудов

Bibliografiske detaljer
Corporate Authors: Всесоюзный юридический заочный ин-т, Всесоюзный юридический заочный институт (ВЮЗИ)
Andre forfattere: Серков В. В. (редактор)
Summary:Исключено из фонда НТБ ТПУ
Sprog:russisk
Udgivet: Москва, Изд-во ВЮЗИ, 1987
Format: MixedMaterials Bog
KOHA link:https://koha.lib.tpu.ru/cgi-bin/koha/opac-detail.pl?biblionumber=258955

MARC

LEADER 00000nam0a2200000 4500
001 258955
005 20231031220447.0
035 |a (RuTPU)RU\TPU\book\281846 
090 |a 258955 
100 |a 20140429d1987 k y0rusy5003 ca 
101 0 |a rus 
102 |a RU 
105 |a y z 000zy 
200 1 |a Актуальные вопросы государства и права в период совершенствования социализма  |e сборник научных трудов  |f Всесоюзный юридический заочный ин-т ; Всесоюзный юридический заочный институт (ВЮЗИ) ; под ред. В. В. Серкова 
210 |a Москва  |c Изд-во ВЮЗИ  |d 1987 
215 |a 149 с. 
333 |a Исключено из фонда НТБ ТПУ 
702 1 |a Серков  |b В. В.  |4 340 
712 0 2 |a Всесоюзный юридический заочный ин-т 
712 0 2 |a Всесоюзный юридический заочный институт (ВЮЗИ)  |c (Москва)  |c (1937-1990) 
801 0 |a RU  |b RuMRKP  |c 19950417  |g psbo 
801 1 |a RU  |b 63413507  |c 20140429 
801 2 |a RU  |b 63413507  |c 20220311  |g RCR 
942 |c BK